[Event "Blagny op 4th"]
[Site "Blagny"]
[Date "2012.04.09"]
[Round "5.6"]
[White "Peltriaux, Guillaume"]
[Black "Valembois, Pierre"]
[Result "1-0"]
[WhiteElo "1870"]
[BlackElo "1317"]
[PlyCount "39"]
[EventDate "2012.03.??"]
[EventType "swiss"]
[EventRounds "6"]
[EventCountry "FRA"]
[SourceTitle "EXT 2014"]
[Source "ChessBase"]
[SourceDate "2013.11.20"]
[SourceVersion "1"]
[SourceVersionDate "2013.11.20"]
[SourceQuality "1"]

1. e4 d5 2. Nf3 Nf6 3. e5 Ng4 4. d4 f5 5. exf6 Nxf6 6. Nc3 Bg4 7. h3 Bxf3 8. Qxf3 Nc6 9. Bg5 Nxd4 10. Qd3 e5 11. 0-0-0 Qd7 12. Be2 Bb4 13. Bxf6 Bxc3 14. Bh5+ g6 15. bxc3 e4 16. Qxd4 gxh5 17. Qe5+ Kf7 18. Bxh8 Re8 19. Qg7+ Ke6 20. Qf6# 1-0

[Event "FRA-chT4 1011"]
[Site "Champagne Ardennes"]
[Date "2011.02.06"]
[Round "5.5"]
[White "Peltriaux, Guillaume"]
[Black "Pelade, Thierry"]
[Result "1-0"]
[WhiteElo "1891"]
[BlackElo "1730"]
[PlyCount "63"]
[EventDate "2010.10.10"]
[EventType "team-tourn"]
[EventRounds "7"]
[EventCountry "FRA"]
[SourceTitle "EXT 2024"]
[Source "ChessBase"]
[SourceDate "2023.10.10"]
[SourceVersion "1"]
[SourceVersionDate "2023.10.10"]
[SourceQuality "1"]

1. e4 e5 2. Nf3 Nf6 3. d3 Nc6 4. c3 h6 5. Nbd2 Bc5 6. Nc4 Ng4 7. Be3 Nxe3 8. Nxe3 Bxe3 9. fxe3 d6 10. Be2 Be6 11. 0-0 Qd7 12. d4 Bg4 13. Bb5 a6 14. Ba4 b5 15. Bb3 0-0 16. a3 Kh8 17. Qc2 Rae8 18. Rf2 Re7 19. Raf1 Na5 20. Ba2 Bh5 21. Rd2 Qc6 22. b3 exd4 23. Rxd4 Bg6 24. Nd2 Rfe8 25. b4 Nb7 26. c4 Nd8 27. c5 Re5 28. Qc1 dxc5 29. Bd5 Qb6 30. bxc5 Qa5 31. Nb3 Qxa3 32. Qxa3 1-0

[Event "FRA-chT4 1011"]
[Site "Champagne Ardennes"]
[Date "2010.12.12"]
[Round "3.3"]
[White "Peltriaux, Guillaume"]
[Black "Vedovotto, Nicolas"]
[Result "0-1"]
[WhiteElo "1891"]
[BlackElo "2050"]
[PlyCount "76"]
[EventDate "2010.10.10"]
[EventType "team-tourn"]
[EventRounds "7"]
[EventCountry "FRA"]
[SourceTitle "EXT 2024"]
[Source "ChessBase"]
[SourceDate "2023.10.10"]
[SourceVersion "1"]
[SourceVersionDate "2023.10.10"]
[SourceQuality "1"]

1. e4 Nc6 2. Nf3 d5 3. exd5 Qxd5 4. Nc3 Qd6 5. h3 Nf6 6. a3 Bf5 7. Bc4 e6 8. Nb5 Qd7 9. d3 Bc5 10. Qe2 a6 11. Nc3 0-0 12. Ne4 Bxe4 13. dxe4 b5 14. Bd3 e5 15. Be3 Qe7 16. 0-0 Rfe8 17. c3 Nd8 18. a4 b4 19. Bxc5 Qxc5 20. Rfc1 bxc3 21. Rxc3 Qa5 22. Rac1 Ne6 23. g3 c5 24. Bc4 Nd4 25. Qd3 Qxa4 26. Ra3 Qc6 27. Nd2 a5 28. f3 a4 29. Kg2 Rab8 30. b4 Rxb4 31. g4 Rb2 32. Qc3 Reb8 33. Kf1 Nd7 34. Ra2 Rxa2 35. Bxa2 Qh6 36. Qc4 Qxd2 37. Qxf7+ Kh8 38. Re1 Rf8 0-1

[Event "Champagne Ardenne op 5th"]
[Site "Champagne Ardenne"]
[Date "2009.05.01"]
[Round "2"]
[White "Romain, Emeline"]
[Black "Peltriaux, Guillaume"]
[Result "1/2-1/2"]
[WhiteElo "1740"]
[BlackElo "1906"]
[PlyCount "127"]
[EventDate "2009.05.01"]
[EventType "swiss"]
[EventRounds "7"]
[EventCountry "FRA"]
[SourceTitle "EXT 2010"]
[Source "ChessBase"]
[SourceDate "2010.11.25"]
[SourceVersion "1"]
[SourceVersionDate "2010.11.25"]
[SourceQuality "1"]

1. d4 Nf6 2. Nf3 e6 3. e3 Bb4+ 4. Bd2 Be7 5. Bd3 b6 6. c4 0-0 7. Nc3 Bb7 8. Qc2 d6 9. Ne4 Ne8 10. h4 Bc8 11. 0-0-0 f5 12. Ng3 d5 13. cxd5 Qxd5 14. Bc4 Qc6 15. Kb1 Bd6 16. Qb3 Qd7 17. Ng5 Rf6 18. Nh5 Rg6 19. Rhg1 Nc6 20. d5 Nd8 21. dxe6 Nxe6 22. Nxe6 Rxe6 23. Bxe6+ Qxe6 24. Qxe6+ Bxe6 25. Nf4 Bd7 26. Bc3 Kf7 27. Rd2 Bc6 28. g3 Nf6 29. Bxf6 Kxf6 30. Rgd1 Rd8 31. Nd5+ Bxd5 32. Rxd5 h6 33. a3 Ke6 34. b4 a6 35. Kc2 g6 36. Kb3 Rb8 37. a4 a5 38. b5 Ra8 39. Kc4 Re8 40. Rc1 Kd7 41. Kd3 Ke6 42. Rd4 Re7 43. Rc6 Kd7 44. Rdxd6+ cxd6 45. Rxb6 Re4 46. Ra6 Rxa4 47. Kc3 Ra2 48. f4 Ra3+ 49. Kb2 Rxe3 50. Rxa5 Kc7 51. Ra3 Re2+ 52. Kc3 Kb6 53. Ra6+ Kc5 54. Rc6+ Kd5 55. Rc8 Re3+ 56. Kc2 Re4 57. Rg8 Rc4+ 58. Kd3 Rb4 59. Rxg6 Rxb5 60. Rxh6 Rb3+ 61. Ke2 Rxg3 62. Rf6 Ke4 63. Rxd6 Kxf4 64. h5 1/2-1/2

[Event "Charleville Mezieres op 5th"]
[Site "Charleville Mezieres"]
[Date "2008.??.??"]
[Round "3"]
[White "Djanbekov, Kamil"]
[Black "Peltriaux, Guillaume"]
[Result "0-1"]
[WhiteElo "1710"]
[BlackElo "1918"]
[PlyCount "120"]
[EventDate "2008.12.26"]
[EventType "swiss"]
[EventRounds "7"]
[EventCountry "FRA"]
[SourceTitle "CBM 128 Extra"]
[Source "ChessBase"]
[SourceDate "2009.03.05"]
[SourceVersion "2"]
[SourceVersionDate "2009.03.25"]
[SourceQuality "1"]

1. e4 d5 2. exd5 Qxd5 3. Nc3 Qa5 4. g3 Nf6 5. Bg2 Nc6 6. a3 e5 7. b3 Nd4 8. Bb2 c6 9. b4 Qc7 10. h3 Bd6 11. Nge2 Nf5 12. d3 0-0 13. Qd2 Be6 14. Ne4 Nxe4 15. Bxe4 Ne7 16. g4 f5 17. gxf5 Bxf5 18. Ng3 Bxe4 19. Nxe4 Ng6 20. 0-0-0 Nh4 21. Ng5 Rae8 22. Kb1 Qe7 23. Qe3 a5 24. Qe4 Qxg5 25. Rhg1 Qf4 26. Rg4 Qxe4 27. Rxe4 Nf3 28. bxa5 Bc7 29. Bc3 Ra8 30. Bb4 Rf7 31. d4 exd4 32. Rd3 b6 33. Re7 Rxe7 34. Bxe7 Re8 35. a6 Rxe7 36. a7 Re8 37. Rxf3 Ra8 38. Rd3 c5 39. c3 Be5 40. cxd4 Bxd4 41. Rb3 Rxa7 42. Ka2 Re7 43. Rxb6 Re2+ 44. Kb1 Rxf2 45. a4 Bc3 46. Rb5 Bb4 47. a5 Rf6 48. Rb8+ Kf7 49. Ra8 Rf3 50. h4 Kg6 51. a6 Ra3 52. Kb2 h6 53. a7 Kh5 54. Kc2 Kxh4 55. Kd1 g5 56. Ke2 Kg3 57. Rh8 Rxa7 58. Rxh6 g4 59. Rd6 Ra2+ 60. Ke3 Kg2 0-1

[Event "Charleville Mezieres op 5th"]
[Site "Charleville Mezieres"]
[Date "2008.??.??"]
[Round "5"]
[White "Lassalle, Arnaud"]
[Black "Peltriaux, Guillaume"]
[Result "1/2-1/2"]
[WhiteElo "2047"]
[BlackElo "1918"]
[PlyCount "59"]
[EventDate "2008.12.26"]
[EventType "swiss"]
[EventRounds "7"]
[EventCountry "FRA"]
[SourceTitle "CBM 128 Extra"]
[Source "ChessBase"]
[SourceDate "2009.03.05"]
[SourceVersion "2"]
[SourceVersionDate "2009.03.25"]
[SourceQuality "1"]

1. d4 Nf6 2. c4 e5 3. dxe5 Ng4 4. Bf4 Nc6 5. Nf3 Bb4+ 6. Nc3 Qe7 7. Qd5 Bxc3+ 8. bxc3 Qa3 9. Qd2 Qe7 10. e3 Ngxe5 11. Be2 d6 12. 0-0 0-0 13. Nd4 Bd7 14. Rab1 b6 15. Rfd1 Rfd8 16. Qe1 a6 17. Qf1 Qe8 18. c5 dxc5 19. Nxc6 Bxc6 20. Bxa6 Qe6 21. Be2 Kf8 22. Rxd8+ Rxd8 23. Rd1 Ra8 24. Rd2 Ke7 25. Qd1 Qg6 26. Bg3 Qe4 27. Bf3 Nxf3+ 28. Qxf3 Qxf3 29. gxf3 Rd8 30. Rxd8 1/2-1/2

[Event "Champagne-chT"]
[Site "Ardennes"]
[Date "2005.05.05"]
[Round "2"]
[White "Delpy, Mickael"]
[Black "Peltriaux, Guillaume"]
[Result "0-1"]
[WhiteElo "1490"]
[BlackElo "1710"]
[PlyCount "114"]
[EventDate "2005.05.05"]
[EventType "team"]
[EventRounds "8"]
[EventCountry "FRA"]
[SourceTitle "EXT 2007"]
[Source "ChessBase"]
[SourceDate "2006.11.23"]
[SourceVersion "1"]
[SourceVersionDate "2006.11.23"]
[SourceQuality "1"]

1. Nf3 d5 2. g3 Nf6 3. Bg2 Bg4 4. 0-0 e6 5. d3 Bc5 6. Bg5 Nc6 7. d4 Bd6 8. Nbd2 Qd7 9. Re1 h6 10. Bxf6 gxf6 11. e4 Nxd4 12. exd5 e5 13. c3 Nxf3+ 14. Bxf3 Bh3 15. Bg2 0-0-0 16. Qf3 Bxg2 17. Kxg2 f5 18. Rad1 h5 19. Nc4 e4 20. Qe3 Qa4 21. Nxd6+ Rxd6 22. Qg5 Qd7 23. c4 h4 24. c5 Rxd5 25. Rxd5 Qxd5 26. Qe3 hxg3 27. hxg3 Qxa2 28. Qa3 Qxa3 29. bxa3 Rd8 30. Rh1 Kd7 31. Rd1+ Ke7 32. Re1 Rd2 33. Kf1 Rd3 34. Rb1 b6 35. cxb6 axb6 36. Rc1 Kd6 37. Ke2 Rxa3 38. Rd1+ Ke6 39. Rd8 Ke7 40. Rc8 Rc3 41. Rg8 b5 42. Rb8 Rc5 43. Ke3 Rd5 44. Kf4 Kf6 45. Rh8 b4 46. Rh6+ Ke7 47. Rc6 Kd7 48. Rc4 Rb5 49. Rc1 b3 50. Rb1 c5 51. Kxf5 Rb4 52. Ke5 Kc6 53. Rb2 Kb5 54. Kd5 Rd4+ 55. Ke5 Kb4 56. Rb1 Rd2 57. Kxe4 Rxf2 0-1

[Event "Ardennes-ch 0102"]
[Site "Ardennes"]
[Date "2001.??.??"]
[Round "?"]
[White "Peltriaux, Guillaume"]
[Black "Raulin, Sandra"]
[Result "0-1"]
[WhiteElo "1499"]
[BlackElo "1530"]
[PlyCount "51"]
[EventDate "2001.??.??"]
[EventType "swiss"]
[EventRounds "9"]
[EventCountry "FRA"]
[SourceTitle "EXT 2008"]
[Source "ChessBase"]
[SourceDate "2007.11.25"]
[SourceVersion "1"]
[SourceVersionDate "2007.11.25"]
[SourceQuality "1"]

1. e4 c5 2. Nf3 Nc6 3. Bb5 g6 4. d4 Bg7 5. dxc5 Qa5+ 6. c3 Qxb5 7. Nbd2 Qxc5 8. 0-0 e5 9. Qb3 Nf6 10. Nc4 Nxe4 11. Be3 Qe7 12. Rad1 0-0 13. Rfe1 Nc5 14. Qb5 b6 15. Bxc5 Qxc5 16. Nd6 Qxb5 17. Nxb5 a6 18. Nd6 f5 19. Re3 e4 20. Nh4 Be5 21. Nc4 Bc7 22. f3 b5 23. Nd6 Bb6 24. Kf2 f4 25. Ke2 fxe3 26. Nxe4 0-1